| 000 -ლიდერი |
| ფიქსირებული სიგრძის საკონტროლო ველი |
01661nam a22002537a 4500 |
| 003 - საკონტროლო ნომრის იდენტიფიკატორი |
| საკონტროლო ველი |
Ge_BSU |
| 005 - ბოლო ოპერაციის თარიღი და დრო |
| საკონტროლო ველი |
20221221151628.0 |
| 008 - ფიქსირებული სიგრძის მონაცემთა ელემენტები - ზოგადი ინფორმაცია |
| ფიქსირებული სიგრძის საკონტროლო ველი |
210302s2020 ge ||||| |||| 00| 0 geo d |
| 041 ## - ენის კოდი |
| Language code of text/sound track or separate title |
geo |
| 080 ## - უნივერსალური ათობითი კლასიფიკაციის ინდექსი |
| Universal Decimal Classification number |
581 შ-24 |
| 100 ## - მთავარი ჩანაწერი - პიროვნების სახელი |
| Relator code |
შარაბიძე, ალექსანდრე |
| 245 ## - ცნობა სათაურის შესახებ |
| Title |
ზღვისპირა აჭარის მეორადი ფოტოცენოზები / |
| Statement of responsibility, etc |
შარაბიძე, ალექსანდრე ; ხელმძღვანელები ნანი გვარიშვილი, ირაკლი მიქელაძე; ბსუ, საბუნებისმეტყველო მეცნიერებათა და ჯანდაცვის ფაკულტეტი, ბიოლოგიის დეპარტამენტი. |
| 264 ## - წარმოების, გამოცემის, დისტრიბუციის და სხვა ცნობები |
| გამოცემის, წარმოების, დისტრიბუციის... ადგილი |
ბათუმი, |
| გამოცემის, წარმოების, დისტრიბუციის... თარიღი |
2020. |
| 300 ## - ფიზიკური აღწერა |
| Extent |
151 გვ. |
| Other physical details |
30 სმ. |
| 504 ## - BIBLIOGRAPHY, ETC. NOTE |
| Bibliography, etc |
ბიბლიოგრ. გვ. 122-030 |
| 653 ## - INDEX TERM--UNCONTROLLED |
| Uncontrolled term |
ბიოლოგია |
| 653 ## - INDEX TERM--UNCONTROLLED |
| Uncontrolled term |
მცენარეთა ბიომრავალფეროვნება |
| 653 ## - INDEX TERM--UNCONTROLLED |
| Uncontrolled term |
დისერტაცია |
| 700 ## - ADDED ENTRY--PERSONAL NAME |
| Personal name |
გვარიშვილი, ნანი |
| Relator term |
ხელმძღვანელი |
| 9 (RLIN) |
10293 |
| 700 ## - ADDED ENTRY--PERSONAL NAME |
| Personal name |
მიქელაძე, ირაკლი |
| Relator term |
ხელმძღვანელი |
| 9 (RLIN) |
4712 |
| 710 ## - ADDED ENTRY--CORPORATE NAME |
| Corporate name or jurisdiction name as entry element |
ბსუ |
| 9 (RLIN) |
10294 |
| 710 ## - ADDED ENTRY--CORPORATE NAME |
| Corporate name or jurisdiction name as entry element |
საბუნებისმეტყველო მეცნიერებათა და ჯანდაცვის ფაკულტეტი |
| Subordinate unit |
ბიოლოგიის დეპარტამენტი |
| 9 (RLIN) |
10295 |
| 942 ## - ADDED ENTRY ELEMENTS (KOHA) |
| Source of classification or shelving scheme |
|
| Koha item type |
დისერტაცია |